| 000 | 01075nam a2200205 a 4500 | ||
|---|---|---|---|
| 003 | AM-YeHGA | ||
| 005 | 20250618072008.0 | ||
| 008 | 040226s1938 ai 000 | arm d | ||
| 040 | _aAM-YeHGA | ||
| 041 | 0 | _aarm | |
| 245 | 1 | 0 |
_aԱրշակ Չօպանեան : _bԿենսագրական եւ մատենագրական նօթեր / _cԳ. Ֆէնէրճեան; Ա. Չօպանեանի գրական յիսնամեայ յոբելեանի կեդրոնական յանձնաժողով. |
| 260 |
_aՓարիզ : _bտպ. Խ. Մաթիկեան, _c1938. |
||
| 300 |
_a110 էջ : _bդիմանկ. ; _c25 սմ. |
||
| 600 | 1 | 4 |
_aՉոպանյան, Արշակ Հովհաննեսի, _d1872-1954 _91485 |
| 650 | 1 | 4 |
_aՀայ գրողների կյանքն ու գործունեությունը _94515 |
| 710 | 2 | _aԱ. Չօպանեանի գրական յիսնամեայ յոբելեանի կեդրոնական յանձնաժողով. | |
| 856 | 4 |
_uhttp://greenstone.flib.sci.am/gsdl/collect/opac/books/chopanean_kensagrakan_1938.pdf _yԿարդալ առցանց _3 |
|
| 942 |
_2udc _cBK |
||
| 090 | _c117259 | ||
| 999 |
_c115914 _d115914 |
||